00699nam a2200241 a 4500001001300000003000900013005001700022008004100039020002300080082001500103100001700118245003300135260003500168300000900203500003500212505001000247650002300257700001700280902000800297942000700305952012800312999001700440nice12345678IN_TiNIC20260116014141.0050803s2004 dela grp 000 0 eng  a8126118881 c80000a297.1bQUR aQureshi, M U aIslam`s Role in Modern World aDelhibAnmol Publishers c2004 a350p aincludes index and biblioraphy2 aindex aIslam-20th Century1 aQureshi, M U bSRS cBK 001040708StackRoom-aHMIbHMId2005-08-03g800.00l2o297.1 QURp021434r2020-02-04s2020-01-29v800.00w2005-08-03yBK c14099d14099